Mikrokomutery swiata

Guardado en:
Detalles Bibliográficos
Autor principal: Gnilka, Marian
Otros Autores: Haschka, Juliusz
Formato: Libro
Lenguaje:polaco
Publicado: Warszawa Instytut Wydawniczy Zwiazków Zawodowych 1989
Edición:1. wyd.
Etiquetas: Agregar Etiqueta
Sin Etiquetas, Sea el primero en etiquetar este registro!

MARC

LEADER 00000nam a2200000 4500
001 c032839
005 20221215130204.5
041 0 |a pol 
044 |a PL 
245 1 0 |a Mikrokomutery swiata  |c Marian Gnilka, Juliusz Haschka 
250 |a 1. wyd. 
264 1 |a Warszawa  |b Instytut Wydawniczy Zwiazków Zawodowych  |c 1989 
300 |a 191 s. 
100 1 |a Gnilka, Marian 
700 1 |a Haschka, Juliusz